000
00320nam a22001217a 4500
008
180607b xxu||||| |||| 00| 0 eng d
041
_a
eng
080
_a
043.3
100
_a
0
101
_a
MEK-MA
245
_a
Pajisjet Termike ne Procesin e Zinkimit te Llamarines ne "Llamkos" Vushtrri
_c
Rrustemi, A
942
_2
udc
_c
BK
999
_c
46580
_d
46580